00553nab a2200169 uc450000100070000000500170000700800410002403500110006503500210007604000130009704100080011010000380011824500640015665000280022065000090024877301260025748851120240201131722.0990721nuuuuuuuu spa  a488511 a(OCoLC)819792897 ccomduadb aspa10aCuellar Garcia, Irma M.4auteaut10aSinergia estrategica : una opcion para las empresas cubanas aDirección de empresas aCuba0 tEconomía y Desarrollo (La Habana)gVolumen 122, Número 01-02, Enero-Junio 1997, p. 208-215w304659x0252-85840107357